Religion Quiz

Random Religion or Bible Quiz
Score 0/21 Timer 05:00
2 Plays Today
% Correct
In the Name of the Father
93.3%
The Ten Commandments
91.8%
The Good Shepherd
87.7%
Kingdom of Heaven
86.3%
Breaking Away
82.6%
Chariots of Fire
82.4%
The Town
81.4%
Stand By Me
81%
In the Valley of Elah
80.2%
Babel
79.4%
The Departed
74.8%
% Correct
Crash
72%
Deliverance
71.2%
Inherit the Wind
60.6%
The Seventh Seal
58.8%
The Verdict
56.8%
War Horse
56.1%
Jaws
56.1%
The Shining
49.7%
The Fugitive
47.3%
The Sting
39%

You're not logged in!

Compare scores with friends on all Sporcle quizzes.
OR
Log In

Sporcle TV

Today on Sporcle TV


Watch our educational content, quiz creation guides, and fun videos on Sporcle TV.

Show Comments

Extras

Top Quizzes Today


Score Distribution

Paid Content

Your Account Isn't Verified!

In order to create a playlist on Sporcle, you need to verify the email address you used during registration. Go to your Sporcle Settings to finish the process.

Report this User

Report this user for behavior that violates our Community Guidelines.

Details: